[Event "4NCL Online Div 4 Playoff"]
[Site "online"]
[Date "2022.05.03"]
[EventDate "2022.05.03"]
[Round "8.11"]
[White "Brusey, Alan W"]
[WhiteElo "2047"]
[WhiteTeam "Jurassic Coast"]
[Black "Barron-Majerik, Jan"]
[BlackElo "1573"]
[BlackTeam "Dundee City D"]
[Result "1/2-1/2"]
[PlyCount "117"]

1. e4 c6 2. d4 d5 3. f3 dxe4 4. fxe4 e5 5. Nf3 exd4 6. Bc4 Be6 7. Bxe6 fxe6 8. Qxd4 Qxd4 9. Nxd4 Kd7 10. Nc3 c5 11. Nf3 Nc6 12. Bf4 Nf6 13. O-O-O+ Ke8 14. Nb5 Kf7 15. Ng5+ Kg6 16. Nc7 Rd8 17. Ncxe6 Rxd1+ 18. Rxd1 h6 19. Nxf8+ Rxf8 20. Ne6 Rf7 21. Nxc5 b6 22. Rd6 Nd4 23. Rxd4 bxc5 24. Rc4 Nd7 25. Bg3 a5 26. c3 Rf1+ 27. Kc2 Rg1 28. Ra4 Rxg2+ 29. Kb3 Nf6 30. e5 Nh5 31. Rxa5 Nxg3 32. hxg3 Rxg3 33. Rxc5 h5 34. e6 Re3 35. Rc6 h4 36. a4 h3 37. Rc4 Kg5 38. Rc5+ Kg4 39. Rc7 g6 40. Rh7 Rxe6 41. a5 Re5 42. a6 Ra5 43. a7 Kg3 44. Kb4 Ra1 45. Rg7 Kf2 46. Rxg6 Rxa7 47. Rh6 Kg2 48. Rg6+ Kh1 49. Rh6 h2 50. Kc5 Kg2 51. Kb6 Ra2 52. b4 Rc2 53. b5 Rxc3 54. Rxh2+ Kxh2 55. Ka7 Ra3+ 56. Kb7 Kg3 57. b6 Kf4 58. Kc7 Rc3+ 59. Kd6 1/2-1/2

[Event "4NCL Online Div 4 Playoff"]
[Site "online"]
[Date "2022.05.03"]
[EventDate "2022.05.03"]
[Round "8.12"]
[White "Anderson, James"]
[WhiteElo "1630"]
[WhiteTeam "Dundee City D"]
[Black "Li, Ethan"]
[BlackElo "1851"]
[BlackTeam "Jurassic Coast"]
[Result "1/2-1/2"]
[PlyCount "162"]

1. d4 Nf6 2. Bg5 g6 3. Bxf6 exf6 4. e3 Bg7 5. Bd3 d5 6. Ne2 b6 7. O-O O-O 8. Nd2 Ba6 9. Nf3 Bxd3 10. cxd3 Re8 11. Rc1 c6 12. Qb3 Qd6 13. Rc2 Nd7 14. Rfc1 c5 15. Qa3 Bf8 16. Qb3 cxd4 17. Nfxd4 Nc5 18. Qc3 Bg7 19. Qd2 f5 20. b4 Ne6 21. Nb5 Qd7 22. Nc7 Nxc7 23. Rxc7 Qd8 24. d4 Bf8 25. a3 Bd6 26. R7c6 Qd7 27. Qc3 Re4 28. Ng3 Re6 29. Rc8+ Re8 30. Rxa8 Rxa8 31. Qc6 Qxc6 32. Rxc6 Rd8 33. Ne2 Kf8 34. Nc3 Bb8 35. g3 Ke7 36. b5 Rd6 37. Rc8 Rd8 38. Rxd8 Kxd8 39. Nxd5 Bd6 40. a4 Kd7 41. Kf1 Ke6 42. Nc3 Bb4 43. Na2 Ba5 44. Ke2 Kd5 45. Kd3 g5 46. f3 Be1 47. e4+ Ke6 48. Ke2 Ba5 49. Nc1 g4 50. d5+ Kd6 51. Nd3 Bc3 52. Ke3 f6 53. fxg4 fxg4 54. Kf4 h5 55. Ke3 Be5 56. Kf2 Bd4+ 57. Kf1 f5 58. exf5 Kxd5 59. Nf4+ Ke5 60. f6 Kxf6 61. Nxh5+ Kf5 62. Nf4 Ke4 63. Ke2 Bg1 64. h3 gxh3 65. Nxh3 Bc5 66. Nf4 Bd6 67. Ne6 Bxg3 68. Nd8 Kd5 69. Nc6 Kc5 70. Kd3 a6 71. Nd4 axb5 72. axb5 Bf2 73. Nc2 Kxb5 74. Kc3 Ka4 75. Kb2 Bc5 76. Ka2 b5 77. Kb2 Bb4 78. Ka2 Bc3 79. Ne3 Kb4 80. Kb1 Kb3 81. Nc2 Bd2 1/2-1/2

[Event "4NCL Online Div 4 Playoff"]
[Site "online"]
[Date "2022.05.03"]
[EventDate "2022.05.03"]
[Round "8.13"]
[White "Gosling, Brian G E"]
[WhiteElo "1767"]
[WhiteTeam "Jurassic Coast"]
[Black "Flood, Raymond"]
[BlackElo "1623"]
[BlackTeam "Dundee City D"]
[Result "1-0"]
[PlyCount "67"]

1. d4 Nf6 2. Nf3 g6 3. Nc3 d5 4. Bf4 Bg7 5. Nb5 Na6 6. e3 c6 7. Nc3 Nc7 8. h3 Bf5 9. Be2 O-O 10. Ne5 Nd7 11. g4 Be6 12. Qd2 Nxe5 13. Bxe5 Bxe5 14. dxe5 f6 15. f4 fxe5 16. fxe5 a6 17. O-O-O Nb5 18. Na4 Qc7 19. Nc5 Qxe5 20. Nxe6 Qxe6 21. Kb1 Rf2 22. Rhe1 Raf8 23. Qb4 Nd6 24. Bd3 R8f3 25. e4 dxe4 26. Qb6 Qf6 27. Be2 Rxh3 28. Qd8+ Kg7 29. Qc7 Rhh2 30. Rf1 Rxf1 31. Rxf1 Rf2 32. Rxf2 Qxf2 33. Qxe7+ Kh6 34. g5# 1-0

[Event "4NCL Online Div 4 Playoff"]
[Site "online"]
[Date "2022.05.03"]
[EventDate "2022.05.03"]
[Round "8.14"]
[White "Vijayakumar, Rishi"]
[WhiteElo "1497"]
[WhiteTeam "Dundee City D"]
[Black "Keen, Charles E"]
[BlackElo "1780"]
[BlackTeam "Jurassic Coast"]
[Result "1-0"]
[PlyCount "71"]

1. d4 Nf6 2. c4 g6 3. g3 Bg7 4. Bg2 O-O 5. Nc3 d6 6. e4 Nbd7 7. Nf3 c6 8. O-O Qe8 9. Qc2 e5 10. Re1 exd4 11. Nxd4 Ne5 12. b3 Nh5 13. Ba3 Qd7 14. Rad1 a6 15. c5 f5 16. Na4 Qd8 17. cxd6 f4 18. d7 Bxd7 19. Bxf8 Qxf8 20. Qc5 Qf7 21. Nb6 Rd8 22. Nxd7 Rxd7 23. Bh3 Rxd4 24. Bg2 Rxd1 25. Rxd1 h6 26. Bf1 fxg3 27. hxg3 Kh7 28. Rd8 Nf3+ 29. Kh1 Ne5 30. Bc4 Nxc4 31. Qxc4 Qf3+ 32. Kg1 g5 33. Qg8+ Kg6 34. Rd6+ Nf6 35. e5 Kh5 36. exf6 1-0

[Event "4NCL Online Div 4 Playoff"]
[Site "online"]
[Date "2022.05.03"]
[EventDate "2022.05.03"]
[Round "8.21"]
[White "Beckett, Phill"]
[WhiteElo "1868"]
[WhiteTeam "Sheffield Uni 70's Graduates"]
[Black "Dawson, Alastair"]
[BlackElo "1846"]
[BlackTeam "Dundee City C"]
[Result "0-1"]
[PlyCount "61"]

1. d4 Nf6 2. e3 e6 3. Bd3 b6 4. f4 Bb7 5. Nf3 c5 6. c3 Be7 7. O-O O-O 8. Nbd2 d5 9. Ne5 Nbd7 10. Qe2 Ne4 11. Bb5 Ndf6 12. Bd3 Nxd2 13. Bxd2 Ne4 14. Be1 f6 15. Nf3 Qc7 16. Nd2 Nxd2 17. Bxd2 f5 18. Rf3 c4 19. Bc2 Bd6 20. Rh3 Bc6 21. g4 g6 22. g5 b5 23. Rg3 a5 24. a3 Qe7 25. h4 b4 26. axb4 axb4 27. Rxa8 Rxa8 28. Kf2 Ra2 29. Bc1 bxc3 30. Bb1 Ra1 31. Qc2 0-1

[Event "4NCL Online Div 4 Playoff"]
[Site "online"]
[Date "2022.05.03"]
[EventDate "2022.05.03"]
[Round "8.23"]
[White "Grobler, David"]
[WhiteElo "1651"]
[WhiteTeam "Sheffield Uni 70's Graduates"]
[Black "Mooney, Graham"]
[BlackTitle "CM"]
[BlackElo "1880"]
[BlackTeam "Dundee City C"]
[Result "1/2-1/2"]
[PlyCount "29"]

1. e4 c5 2. Nf3 d6 3. d4 cxd4 4. Nxd4 Nf6 5. Nc3 a6 6. Bg5 e6 7. f4 Be7 8. Qf3 h6 9. Bh4 Nc6 10. O-O-O Nxd4 11. Rxd4 Qb6 12. Bf2 Qc7 13. Rc4 Qd8 14. Be2 O-O 15. Rd1 1/2-1/2

[Event "4NCL Online Div 4 Playoff"]
[Site "online"]
[Date "2022.05.03"]
[EventDate "2022.05.03"]
[Round "8.24"]
[White "Cohen, Philip"]
[WhiteElo "1870"]
[WhiteTeam "Dundee City C"]
[Black "Varjian, Gary"]
[BlackElo "1388"]
[BlackTeam "Sheffield Uni 70's Graduates"]
[Result "0-1"]
[PlyCount "145"]

1. d4 d6 2. c4 Nf6 3. Nc3 Nbd7 4. e4 e5 5. d5 Be7 6. Bd3 Nc5 7. Bc2 a5 8. b3 h6 9. Nge2 Bg4 10. f3 Bd7 11. O-O c6 12. Be3 Na6 13. a3 c5 14. Qd2 Nh7 15. Ng3 Nf8 16. Nf5 Rg8 17. f4 Ng6 18. g3 Nc7 19. a4 Bf8 20. fxe5 Nxe5 21. Bf4 Qf6 22. Qf2 Ng6 23. Ne2 O-O-O 24. Rae1 Ne5 25. Bxe5 Qxe5 26. Nc1 f6 27. Nd3 Qe8 28. Qf4 Bxf5 29. exf5 Qf7 30. Qf2 Na8 31. Nf4 Nb6 32. Re3 Nd7 33. Qe1 Ne5 34. Qxa5 Qc7 35. Qxc7+ Kxc7 36. Ne6+ Kd7 37. Nxd8 Kxd8 38. Bd1 Be7 39. Rf2 Kd7 40. Ra2 Bd8 41. a5 Kc8 42. Bh5 Kb8 43. Re1 Ka7 44. Bf7 Nxf7 45. Rea1 Ka6 46. Kf2 Re8 47. Ra4 Ne5 48. h3 Nd3+ 49. Kf3 Ne1+ 50. Kf2 Nc2 51. Rc1 Nd4 52. b4 Nxf5 53. b5+ Ka7 54. a6 b6 55. Ra3 Re5 56. Re1 Nd4 57. Rxe5 fxe5 58. g4 Nc2 59. Rc3 Nb4 60. Rf3 Bf6 61. Kg3 Nc2 62. h4 e4 63. Rf4 Be5 64. g5 Nd4 65. gxh6 Ne2+ 66. Kf2 Nxf4 67. h7 g6 68. Ke3 Ng2+ 69. Kxe4 Nxh4 70. Ke3 Ng2+ 71. Kf3 Nf4 72. Kg4 Nd3 73. Kg5 Nb4 74. Kxg6 Nxd5 75. Kf7 Ne3 76. Kg8 Nxc4 77. h8=Q Bxh8 78. Kxh8 d5 0-1

[Event "4NCL Online Division 5"]
[Site "online"]
[Date "2022.01.25"]
[EventDate "2022.01.25"]
[Round "1.11"]
[White "Dunford, Anthony D"]
[WhiteElo "1786"]
[WhiteTeam "The Hemel's Gambit"]
[Black "Rasalingam, Rishi"]
[BlackElo "1167"]
[BlackTeam "Barnet Knights E"]
[Result "1-0"]
[PlyCount "77"]

1. e4 c5 2. Nc3 g6 3. f4 Bg7 4. Nf3 Nc6 5. Bb5 d6 6. d4 cxd4 7. Nxd4 Bd7 8. Be3 Nf6 9. O-O O-O 10. Nxc6 Bxc6 11. Bxc6 bxc6 12. g4 c5 13. g5 Nd7 14. Qd2 Rb8 15. Rab1 Qc7 16. Nd1 Nb6 17. b3 Rfd8 18. c4 e6 19. Nc3 Qc6 20. f5 d5 21. exd5 exd5 22. f6 d4 23. Bf4 Rb7 24. fxg7 Rdd7 25. Nd5 Nxd5 26. cxd5 Qxd5 27. Qg2 Qe6 28. Rbe1 Qf5 29. Re8+ Kxg7 30. Be5+ Qxe5 31. Rxe5 d3 32. Rxc5 Rb4 33. Qb2+ Rbd4 34. Rf4 d2 35. Rxd4 d1=Q+ 36. Rxd1+ f6 37. Qxf6+ Kg8 38. Rc8+ Rd8 39. Rdxd8# 1-0

[Event "4NCL Online Division 5"]
[Site "online"]
[Date "2022.01.25"]
[EventDate "2022.01.25"]
[Round "1.12"]
[White "Chen, Fen"]
[WhiteElo "1100"]
[WhiteTeam "Barnet Knights E"]
[Black "Dunks, Peter"]
[BlackElo "1659"]
[BlackTeam "The Hemel's Gambit"]
[Result "0-1"]
[PlyCount "56"]

1. d4 Nf6 2. Nf3 e6 3. Bg5 Be7 4. e4 Nxe4 5. Bxe7 Qxe7 6. Bd3 Nf6 7. O-O b6 8. Nbd2 Bb7 9. Re1 d6 10. c4 O-O 11. Qc2 h6 12. d5 e5 13. Re3 Na6 14. a3 Nc5 15. Bf5 Bc8 16. Nh4 a5 17. Rg3 Nh5 18. Rg4 Bxf5 19. Nxf5 Qd7 20. Nxh6+ Kh8 21. Nf5 g6 22. Rh4 Qd8 23. Rh3 Qf6 24. Re1 Kg8 25. Ree3 Nf4 26. Rh6 Qxf5 27. Qd1 Qg5 28. Rhh3 Qxg2# 0-1

[Event "4NCL Online Division 5"]
[Site "online"]
[Date "2022.01.25"]
[EventDate "2022.01.25"]
[Round "1.13"]
[White "Rollinson, David"]
[WhiteElo "1615"]
[WhiteTeam "The Hemel's Gambit"]
[Black "Kuryan, Elizabeth"]
[BlackElo "990"]
[BlackTeam "Barnet Knights E"]
[Result "0-1"]
[PlyCount "90"]

1. d4 d5 2. Nf3 Nf6 3. c4 e6 4. Bg5 Be7 5. Nc3 a6 6. e3 dxc4 7. Bxc4 b5 8. Be2 Nbd7 9. Rc1 c5 10. O-O O-O 11. Qc2 Bb7 12. Rfd1 Rc8 13. Qb1 h6 14. Bf4 Qb6 15. a3 Bd6 16. Bxd6 Qxd6 17. dxc5 Qxc5 18. Na2 Qb6 19. Nc3 Ng4 20. Rxd7 Bc6 21. Nd1 Bxd7 22. Nd4 Rxc1 23. Qxc1 Nf6 24. Bd3 Rc8 25. Qd2 Qd6 26. h3 Qd5 27. Nc3 Qd6 28. Qe2 Nd5 29. Nd1 e5 30. Nc2 Ne7 31. e4 Be6 32. Nde3 Qc6 33. Qh5 Ng6 34. Ng4 Qd6 35. Ne1 Rc1 36. Kh2 Rxe1 37. Bc2 Qd2 38. Ne3 Qxf2 39. Ng4 Bxg4 40. Qxg4 Qxc2 41. Qd7 Re2 42. Qg4 h5 43. Qg5 Qxe4 44. Qg3 Ne7 45. Qg5 f6 0-1

[Event "4NCL Online Division 5"]
[Site "online"]
[Date "2022.01.25"]
[EventDate "2022.01.25"]
[Round "1.14"]
[White "Morin, Julian"]
[WhiteElo "897"]
[WhiteTeam "Barnet Knights E"]
[Black "Wrzesinski, Roman"]
[BlackElo "1245"]
[BlackTeam "The Hemel's Gambit"]
[Result "0-1"]
[PlyCount "106"]

1. c4 c6 2. b3 d5 3. cxd5 cxd5 4. Bb2 Bf5 5. g3 e6 6. Nf3 Bc5 7. Bg2 Qb6 8. O-O h6 9. d4 Be7 10. Nc3 Nf6 11. e3 O-O 12. Nh4 Bh7 13. Nf3 Nbd7 14. Re1 Bb4 15. Rc1 Rac8 16. Rf1 Qa5 17. Ne2 Ne4 18. Rxc8 Rxc8 19. Bc1 Qxa2 20. Nf4 Qb1 21. Nd3 Nc3 22. Qe1 Bxd3 23. Bd2 Bxf1 24. Bxc3 Qxe1 25. Bxe1 Bxg2 26. Kxg2 Bxe1 27. Nxe1 Rc3 28. b4 Rc1 29. Nd3 Rc3 30. Ne1 a6 31. Kf1 Rc4 32. Nd3 b6 33. Ke2 a5 34. bxa5 bxa5 35. Nb2 Rc2+ 36. Kd3 Rxb2 37. e4 dxe4+ 38. Kxe4 a4 39. d5 exd5+ 40. Kd4 Nf6 41. Kc3 a3 42. Kd3 Rb8 43. Ke3 a2 44. Kf3 a1=Q 45. Kg2 Rb1 46. Kh3 Rh1 47. Kg2 Qg1+ 48. Kf3 Qxh2 49. Kf4 Qxf2+ 50. Ke5 Re1+ 51. Kd6 Rc1 52. Ke5 Qe3+ 53. Kd6 Qe6# 0-1

[Event "4NCL Online Division 5"]
[Site "online"]
[Date "2022.01.25"]
[EventDate "2022.01.25"]
[Round "1.22"]
[White "Dunn, Jeff"]
[WhiteElo "1355"]
[WhiteTeam "East Kilbride Rovers"]
[Black "Jasserand, Pascal"]
[BlackElo "1574"]
[BlackTeam "Beckenham"]
[Result "0-1"]
[PlyCount "90"]

1. d4 f5 2. e3 e6 3. Nf3 Nf6 4. Bd3 Be7 5. O-O O-O 6. Nbd2 d6 7. c3 Qe8 8. Qe2 b6 9. e4 f4 10. e5 Nd5 11. Qe4 Qg6 12. Qxg6 hxg6 13. Bxg6 c6 14. Ne4 dxe5 15. Nxe5 Bb7 16. Bd2 c5 17. dxc5 bxc5 18. Nd3 Nd7 19. Rac1 c4 20. Nb4 Nxb4 21. cxb4 Ne5 22. Nc5 Bxc5 23. bxc5 Nxg6 24. Rxc4 Ba6 25. Rfc1 Bxc4 26. Rxc4 e5 27. f3 Kf7 28. Kf2 Ke6 29. b3 Rh8 30. h3 Rhd8 31. Be1 Rd4 32. Rc2 Rc8 33. b4 Kd5 34. Ke2 Ne7 35. Bf2 Nf5 36. a3 Rc4 37. Rd2+ Nd4+ 38. Kd3 Rc1 39. Ra2 a5 40. Kd2 Rc4 41. Rb2 Rb8 42. c6 Kxc6 43. Kd3 Kd5 44. b5 Rxb5 45. Bxd4 Rxd4+ 0-1

[Event "4NCL Online Division 5"]
[Site "online"]
[Date "2022.01.25"]
[EventDate "2022.01.25"]
[Round "1.23"]
[White "Harrison, Jack"]
[WhiteElo "1600"]
[WhiteTeam "Beckenham"]
[Black "Shrestha, Deepesh"]
[BlackElo "1233"]
[BlackTeam "East Kilbride Rovers"]
[Result "1-0"]
[PlyCount "121"]

1. d4 Nf6 2. c4 d5 3. Nc3 Bf5 4. Bg5 e6 5. Nf3 h6 6. Bh4 Be7 7. e3 Nbd7 8. Rc1 c5 9. Be2 O-O 10. O-O Nb6 11. b3 Nfd7 12. Bg3 dxc4 13. bxc4 cxd4 14. exd4 Ba3 15. c5 Bxc1 16. Qxc1 Nc8 17. Ne5 Nxe5 18. Bxe5 f6 19. Bf4 Qxd4 20. Be3 Qd7 21. Bf3 Ne7 22. Rd1 Qc7 23. Qb2 Rfb8 24. Nb5 Qe5 25. Bd4 Qf4 26. Be3 Qa4 27. Nc7 Rd8 28. Rxd8+ Rxd8 29. h3 Nd5 30. Nxd5 exd5 31. Qxb7 d4 32. Bd5+ Kh7 33. Bc6 Qxa2 34. Bf4 d3 35. Qe7 Rd4 36. Qe3 Qc4 37. Bd6 d2 38. Bf3 d1=Q+ 39. Bxd1 Rxd1+ 40. Kh2 a5 41. Qf3 Qe4 42. Qxd1 a4 43. Qc1 Qc6 44. Qa3 Kg6 45. g4 Bc2 46. h4 Bb3 47. Qc1 f5 48. gxf5+ Kxf5 49. Kg3 h5 50. Qb1+ Kf6 51. Qb2+ Kg6 52. f4 Qa6 53. Bf8 Qa7 54. Qb1+ Kf7 55. Qf5+ Kg8 56. Bd6 a3 57. Qc8+ Kh7 58. Qf5+ g6 59. Qf6 a2 60. Be5 Qf7 61. Qh8# 1-0

[Event "4NCL Online Division 5"]
[Site "online"]
[Date "2022.01.25"]
[EventDate "2022.01.25"]
[Round "1.24"]
[White "Verma, Abhi"]
[WhiteElo "380"]
[WhiteTeam "East Kilbride Rovers"]
[Black "Glanvile, Nicholas"]
[BlackElo "1525"]
[BlackTeam "Beckenham"]
[Result "1-0"]
[PlyCount "115"]

1. e4 c6 2. d4 d5 3. exd5 cxd5 4. Nf3 Bg4 5. Be2 Bxf3 6. Bxf3 e6 7. c4 Nf6 8. O-O Nc6 9. Nc3 Be7 10. cxd5 exd5 11. Re1 O-O 12. Be3 Qd7 13. Qb3 Rad8 14. Rac1 Na5 15. Qc2 Nc4 16. Nxd5 Nxd5 17. Qxc4 Nxe3 18. fxe3 Rc8 19. Qd5 Qxd5 20. Bxd5 b6 21. Kf2 Bg5 22. Ke2 Rfe8 23. Rxc8 Rxc8 24. Kd3 Rd8 25. e4 Kf8 26. Rf1 Rd7 27. g3 Bd8 28. Bb3 Bf6 29. Bd5 Bd8 30. Bc6 Rd6 31. d5 Bf6 32. b4 Be5 33. Rf5 f6 34. Kc4 Rd8 35. Kb5 Rc8 36. Ka6 Rc7 37. Rf2 Ke7 38. Bb7 Rc4 39. a3 Bb8 40. Bc6 Rc3 41. Ra2 Kd6 42. Kb7 Bc7 43. Kxa7 Re3 44. Rc2 Rxa3+ 45. Kb7 Rb3 46. Ba4 Rxb4 47. Rc6+ Ke5 48. Re6+ Kd4 49. Kxc7 Rxa4 50. d6 Ra7+ 51. Kxb6 Rd7 52. Kc6 Rd8 53. Kc7 Ra8 54. d7 Ra7+ 55. Kd8 f5 56. exf5 Kd5 57. Ke7 Rb7 58. Ke8 1-0

[Event "4NCL Online Division 5"]
[Site "online"]
[Date "2022.01.25"]
[EventDate "2022.01.25"]
[Round "1.31"]
[White "James, John"]
[WhiteElo "1248"]
[WhiteTeam "Manaccan Maulers"]
[Black "Vijayakumar, Rishi"]
[BlackElo "1497"]
[BlackTeam "Dundee City E"]
[Result "0-1"]
[PlyCount "70"]

1. d4 Nf6 2. Bf4 e6 3. e3 c5 4. c3 Nc6 5. Nf3 b6 6. Nbd2 d5 7. Bb5 Bd7 8. O-O Be7 9. Qa4 Qc8 10. Ba6 Qd8 11. Bb5 Na5 12. Bxd7+ Qxd7 13. Qc2 Nc6 14. Rad1 Rc8 15. Ne5 Nxe5 16. dxe5 Nh5 17. Bg3 Qc7 18. Nf3 Nxg3 19. fxg3 Qb7 20. Qa4+ b5 21. Qf4 h6 22. Nd2 Bg5 23. Qf3 O-O 24. h4 Be7 25. b3 Qc7 26. Qe2 Qxe5 27. Rf3 c4 28. e4 Bc5+ 29. Kh2 Rcd8 30. b4 Be7 31. Re1 d4 32. cxd4 Qxd4 33. Rd1 c3 34. Rd3 Qxd3 35. Qxd3 Rxd3 0-1

[Event "4NCL Online Division 5"]
[Site "online"]
[Date "2022.01.25"]
[EventDate "2022.01.25"]
[Round "1.32"]
[White "Jackson, Robert"]
[WhiteElo "1575"]
[WhiteTeam "Dundee City E"]
[Black "Rundle, Anthony"]
[BlackElo "1200"]
[BlackTeam "Manaccan Maulers"]
[Result "1-0"]
[PlyCount "113"]

1. d4 Nf6 2. Nf3 e6 3. Bg5 d5 4. Nbd2 Be7 5. e3 Nbd7 6. Bd3 c5 7. c3 Qb6 8. Rb1 O-O 9. O-O h6 10. Bh4 Qc7 11. Qe2 Bd6 12. e4 dxe4 13. Nxe4 Nxe4 14. Qxe4 g6 15. d5 Nb6 16. dxe6 Bxe6 17. Bf6 Rfe8 18. Qh4 Bf8 19. Be5 Qe7 20. Qg3 Nd7 21. Bf4 Nf6 22. Ne5 Nh5 23. Nxg6 Nxg3 24. Nxe7+ Rxe7 25. Bxg3 Rd8 26. Rbd1 Red7 27. Bc2 Rxd1 28. Rxd1 Rxd1+ 29. Bxd1 Bxa2 30. b3 Bg7 31. c4 b6 32. Bb8 a6 33. Ba7 b5 34. cxb5 axb5 35. Bxc5 Bc3 36. Bc2 Kg7 37. Kf1 Kf6 38. Ke2 b4 39. Kd3 Ke5 40. Kc4 f5 41. f3 Kf4 42. Kd5 h5 43. Ke6 h4 44. h3 Bd2 45. Bf2 Kg5 46. Kd5 f4 47. Bc5 Bc3 48. Ke4 Be1 49. Be7+ Kh5 50. Kxf4 Bc3 51. Ke3 Be1 52. f4 Bc3 53. f5 Kh6 54. Bxh4 Kg7 55. g4 Bb2 56. Ke4 Kf7 57. g5 1-0

[Event "4NCL Online Division 5"]
[Site "online"]
[Date "2022.01.25"]
[EventDate "2022.01.25"]
[Round "1.33"]
[White "Attridge, Raphael"]
[WhiteElo "994"]
[WhiteTeam "Manaccan Maulers"]
[Black "Murray, Euan"]
[BlackElo "1490"]
[BlackTeam "Dundee City E"]
[Result "0-1"]
[PlyCount "38"]

1. e4 e5 2. Nf3 Nc6 3. Bc4 Nf6 4. Nc3 Bc5 5. O-O d6 6. Ng5 O-O 7. Nxf7 Rxf7 8. Bxf7+ Kxf7 9. Qf3 Nd4 10. Qg3 Nxe4 11. Kh1 Nxg3+ 12. Kg1 Nxf1 13. Kxf1 Nxc2 14. Rb1 Qh4 15. g3 Qxh2 16. Ne4 Qh1+ 17. Ke2 Qxe4+ 18. Kd1 Bg4+ 19. f3 Bxf3# 0-1

[Event "4NCL Online Division 5"]
[Site "online"]
[Date "2022.01.25"]
[EventDate "2022.01.25"]
[Round "1.41"]
[White "Tarigopula, Varish"]
[WhiteElo "1398"]
[WhiteTeam "Uxbridge Eagle Fangs"]
[Black "Adatia, Amar"]
[BlackElo "1383"]
[BlackTeam "Streatham C"]
[Result "0-1"]
[PlyCount "104"]

1. e4 c5 2. Nf3 d6 3. d4 cxd4 4. Nxd4 Nf6 5. Nc3 a6 6. Be3 e6 7. h3 Be7 8. Qd2 b5 9. a3 Bb7 10. f3 Nbd7 11. Bd3 Ne5 12. O-O-O Nfd7 13. Be2 Nb6 14. b3 d5 15. exd5 Bxa3+ 16. Kb1 Bxd5 17. Bf4 Ng6 18. Bg3 Rc8 19. Na2 O-O 20. h4 e5 21. h5 exd4 22. hxg6 hxg6 23. Qxd4 Be6 24. Qg1 Qf6 25. c3 Bf5+ 26. Ka1 Rxc3 27. Rd4 Rc2 28. Bf2 Bb2+ 29. Kb1 Rxe2+ 30. Re4 Bxe4+ 31. fxe4 Qxf2 32. Qh2 Re1+ 33. Rxe1 Qxe1+ 34. Kxb2 Qe2+ 35. Ka3 Qxe4 36. Qd6 Qe3 37. Qb4 Nd5 38. Qd6 Qe7 39. Qxe7 Nxe7 40. Nb4 f5 41. Kb2 a5 42. Nd3 g5 43. Ne5 f4 44. Nf3 g4 45. Ne5 f3 46. gxf3 gxf3 47. Nxf3 Rxf3 48. b4 a4 49. Ka2 Nd5 50. Kb2 a3+ 51. Ka2 Nxb4+ 52. Ka1 Rf1# 0-1

[Event "4NCL Online Division 5"]
[Site "online"]
[Date "2022.01.25"]
[EventDate "2022.01.25"]
[Round "1.43"]
[White "Navle, Yash Kumar"]
[WhiteElo "1224"]
[WhiteTeam "Uxbridge Eagle Fangs"]
[Black "Yordanov, Denislav"]
[BlackElo "1390"]
[BlackTeam "Streatham C"]
[Result "1-0"]
[PlyCount "109"]

1. e4 e5 2. Nf3 Nc6 3. d4 d6 4. dxe5 dxe5 5. Qxd8+ Nxd8 6. Nxe5 Bd6 7. Nf3 Nc6 8. Bb5 Bd7 9. O-O O-O-O 10. Be3 Nf6 11. Bxc6 Bxc6 12. e5 Ng4 13. exd6 Nxe3 14. fxe3 Bxf3 15. Rxf3 Rxd6 16. Rxf7 Rd1+ 17. Rf1 Rdd8 18. Nc3 Rhe8 19. Rfe1 Rd2 20. Re2 Rxe2 21. Nxe2 Rxe3 22. Nc3 Re8 23. a4 Rd8 24. a5 Rd2 25. Rc1 c6 26. Ne4 Re2 27. Nc5 Re5 28. b4 Kc7 29. Rd1 b6 30. axb6+ axb6 31. Nd3 Re2 32. c4 Rc2 33. Rc1 Rd2 34. Nf4 Rd4 35. Ne6+ Kd6 36. Nxd4 c5 37. bxc5+ bxc5 38. Nf5+ Ke5 39. Nxg7 Kf6 40. Nh5+ Kg5 41. Ng3 Kf6 42. Ne4+ Ke5 43. Nxc5 Kd6 44. Ne4+ Ke5 45. c5 Kd5 46. c6 Kxe4 47. c7 Kd5 48. c8=Q Ke5 49. Qe8+ Kf6 50. Rc6+ Kg7 51. Qe7+ Kh8 52. Rc7 h5 53. Kf2 h4 54. Ke3 h3 55. Qh7# 1-0

[Event "4NCL Online Division 5"]
[Site "online"]
[Date "2022.01.25"]
[EventDate "2022.01.25"]
[Round "1.51"]
[White "Zsibrita, Steve"]
[WhiteElo "1481"]
[WhiteTeam "Hertford 3"]
[Black "Shindgi, Sumanth"]
[BlackElo "1363"]
[BlackTeam "Cork B"]
[Result "0-1"]
[PlyCount "34"]

1. d4 Nf6 2. e3 g6 3. Bd3 Bg7 4. f4 O-O 5. Nf3 d6 6. O-O c5 7. c3 Nc6 8. Nbd2 b6 9. h3 Bb7 10. e4 Nh5 11. Nh2 cxd4 12. c4 Nb4 13. Bb1 d3 14. a3 Nc2 15. Bxc2 dxc2 16. Qxc2 Bd4+ 17. Kh1 Ng3# 0-1

[Event "4NCL Online Division 5"]
[Site "online"]
[Date "2022.01.25"]
[EventDate "2022.01.25"]
[Round "1.52"]
[White "Muzykant, Michal (Mike)"]
[WhiteElo "1178"]
[WhiteTeam "Cork B"]
[Black "Lynch, Mark"]
[BlackElo "1430"]
[BlackTeam "Hertford 3"]
[Result "1-0"]
[PlyCount "45"]

1. d4 d5 2. Nf3 Nf6 3. g3 e6 4. Bg2 Nbd7 5. O-O Be7 6. c4 O-O 7. Nc3 c6 8. b3 a6 9. Re1 Qc7 10. c5 b6 11. b4 Re8 12. Bf4 Qd8 13. e4 Nh5 14. Bd2 dxe4 15. Nxe4 Nhf6 16. Ne5 Nxe5 17. dxe5 Nd5 18. Nd6 Rf8 19. Bxd5 cxd5 20. Be3 bxc5 21. Bxc5 Bf6 22. exf6 Qd7 23. fxg7 1-0

[Event "4NCL Online Division 5"]
[Site "online"]
[Date "2022.01.25"]
[EventDate "2022.01.25"]
[Round "1.53"]
[White "Hurley, James"]
[WhiteElo "1255"]
[WhiteTeam "Hertford 3"]
[Black "O’Callaghan, Cian"]
[BlackElo "1203"]
[BlackTeam "Cork B"]
[Result "1-0"]
[PlyCount "61"]

1. e4 c5 2. Nf3 d6 3. h3 g6 4. d4 Bg7 5. dxc5 Qa5+ 6. c3 Qxc5 7. Bd2 e6 8. Be2 Nf6 9. O-O Nxe4 10. Qa4+ Bd7 11. Qxe4 Bc6 12. Qd3 Qb6 13. Qxd6 Qxb2 14. Na3 Bf8 15. Qe5 Rg8 16. Nb5 Bxb5 17. Bxb5+ Nc6 18. Bxc6+ bxc6 19. Rab1 Bg7 20. Qc7 Qxb1 21. Qxc6+ Ke7 22. Rxb1 Rgc8 23. Bg5+ f6 24. Rb7+ Kf8 25. Qd6+ Kg8 26. Qxe6+ Kh8 27. Bxf6 Rg8 28. Bxg7+ Rxg7 29. Qf6 Rg8 30. Ng5 h6 31. Ne6 1-0

[Event "4NCL Online Division 5"]
[Site "online"]
[Date "2022.01.25"]
[EventDate "2022.01.25"]
[Round "1.54"]
[White "Cahill, Declan"]
[WhiteElo "850"]
[WhiteTeam "Cork B"]
[Black "Berkhout, Theo"]
[BlackElo "1069"]
[BlackTeam "Hertford 3"]
[Result "1-0"]
[PlyCount "61"]

1. d4 d5 2. Bf4 g6 3. e3 Bg7 4. Nf3 c5 5. Nc3 cxd4 6. exd4 Nf6 7. Bd3 Nc6 8. Qd2 e6 9. Ne5 Nh5 10. g4 Nxf4 11. Qxf4 Qf6 12. Qe3 Nxe5 13. dxe5 Qxe5 14. O-O-O Qxe3+ 15. fxe3 Bxc3 16. bxc3 O-O 17. h4 e5 18. e4 Bxg4 19. Rdg1 Be6 20. h5 Kh8 21. hxg6 fxg6 22. exd5 Bf7 23. Bxg6 Bxg6 24. Rxg6 Rg8 25. Rgh6 Rg7 26. Re6 Rg5 27. Re7 h5 28. d6 b6 29. d7 Rd8 30. Re8+ Kg7 31. Rxd8 1-0

[Event "4NCL Online Division 5"]
[Site "online"]
[Date "2022.01.25"]
[EventDate "2022.01.25"]
[Round "1.61"]
[White "Farahmandpour, Ehsan"]
[WhiteElo "1514"]
[WhiteTeam "Bromley"]
[Black "Hunter, Gary"]
[BlackElo "1465"]
[BlackTeam "Deaf England 2"]
[Result "1-0"]
[PlyCount "55"]

1. d4 Nf6 2. Bf4 d5 3. e3 e6 4. Nd2 b6 5. Ngf3 Bd6 6. Bg3 O-O 7. Bd3 Bb7 8. Ne5 Nbd7 9. Ndf3 Rc8 10. O-O c5 11. Nxf7 Rxf7 12. Bxd6 Ne4 13. Be5 Nxe5 14. Nxe5 Rfc7 15. c3 Qd6 16. Bxe4 dxe4 17. h3 cxd4 18. exd4 Rd8 19. Qg4 Qe7 20. Rfe1 b5 21. Re3 b4 22. Rd1 bxc3 23. Rxc3 Rxc3 24. bxc3 Rd6 25. Rb1 Ra6 26. Rb2 Ra3 27. Rxb7 Qxb7 28. Qxe6+ 1-0

[Event "4NCL Online Division 5"]
[Site "online"]
[Date "2022.01.25"]
[EventDate "2022.01.25"]
[Round "1.62"]
[White "Gibson, Stephen"]
[WhiteElo "1518"]
[WhiteTeam "Deaf England 2"]
[Black "Hayes, Callum"]
[BlackElo "1600"]
[BlackTeam "Bromley"]
[Result "1-0"]
[PlyCount "59"]

1. e4 c5 2. d4 cxd4 3. c3 dxc3 4. Nxc3 Nc6 5. Bc4 e6 6. Nf3 a6 7. O-O b5 8. Bb3 Nf6 9. e5 Ng4 10. Bf4 f6 11. exf6 Nxf6 12. Qe2 Be7 13. Rad1 Qb6 14. Bd6 Bxd6 15. Rxd6 Qc7 16. Rfd1 O-O 17. Ng5 Kh8 18. Nce4 Ne5 19. f4 Ng6 20. g3 Nxe4 21. Qxe4 Qc5+ 22. Qd4 Qxd4+ 23. R1xd4 Ra7 24. Kf2 h6 25. Nh3 Rc7 26. Rd1 Rf7 27. Ke3 Bb7 28. Nf2 Kg8 29. f5 exf5 30. Rxg6 1-0